MDQL
is popping MORE tags! Check the
thread
!
Quizzes
Events
Quiz Creation
Community
Videos
Private Events
Remove Ads
Sign In
Join for FREE
Feedback
Dark Mode
Quiz Categories
Sports
Geography
Music
Movies
Television
Just For Fun
Miscellaneous
History
Literature
Language
Science
Gaming
Entertainment
Religion
Holiday
For Kids
Quiz Lab
Recent
Popular Today
Quiz Kudos Today
Editor Picks
Curator Picks
Quizzes by...
Day
Popularity
Type
Ratings
Length
Year
Community
Subscriptions
Recent Discussions
Orange Saloon
Badges
Playlists
Quests
Create
Leaderboards
Showdown
Live 5
Trivia Bingo
Activity
Puzzle Library
Sporcle Events
Private Events
Virtual Trivia
Globe League
Become a Host
Pub Owners
SporcleCon
Opinionation
Our Games
Videos
Blog
Mobile Apps
Partnerships
Remove Ads and Go Orange
Feedback
Movies
Disney
Marvel Cinematic Universe
Movie Resume
Movie Titles
Oscar
Actor
Actress
Director
Pixar
Role
Movie Quotes
Movie Characters
Box Office
Nominee
Best Picture
Star Wars
James Bond
Horror Movies
Movies
Disney
Marvel Cinematic Universe
Movie Resume
Movie Titles
Oscar
Actor
Actress
Director
Pixar
Role
Movie Quotes
Movie Characters
Box Office
Nominee
Best Picture
Star Wars
James Bond
Horror Movies
Random Quiz
Search Sporcle
×
Quiz Lab
Quiz Lab
Movies
Actor
Type in answers that appear in a list
Type in answers that appear in a list
Classic
Best Score? Go Orange.
They Wore WHAT In a Movie? Stats
Can you name the movie in which this actor wore this unusual costume?
By
kthxbai
5m
25 Questions
345 Plays
345 Plays
345 Plays
Comments
Comments
Give Quiz Kudos
Give Quiz Kudos
-
- Ratings
hide this ad
Replay
Link that replays current quiz
Next Quiz
Link to next quiz in quiz playlist
You Got
0%
They Got
Avg Score
22%
Avg Friend Score
Upgrade to see
Score Distribution
Jump to the score distribution portion of the page
Score
0/25
Timer
05:00
0
Plays Today
Costume
Movie Title
% Correct
Angel wings
Dogma
64.5%
Layer of gold paint
Goldfinger
61.3%
Loincloth and restraints, again
Planet of the Apes
47.7%
Roller skates, for the entire movie
Boogie Nights
46.5%
Loincloth and restraints
Ben Hur
46.2%
What hump?
Young Frankenstein
42.4%
Elaborate tatoos, and nothing else
Eastern Promises
34.6%
Pig nose
Penelope
32.6%
Ridonkulously oversized Dr. Marten boots
Tommy
28.5%
A dress made entirely of flip-
flop sandals
The Adventures of Priscilla, Queen of the Desert
23.3%
Donkey ears
A Midsummer Night's Dream
22.7%
A paper mache ham costume
To Kill a Mockingbird
19.2%
Nun's habit
Nuns On the Run
18.6%
Costume
Movie Title
% Correct
Leather bondage gear
Exit to Eden
15.4%
Animal skin bikini
One Million Years B.C.
11.3%
Clown make-
up
The Greatest Show on Earth
9.9%
A fake third arm
Once Upon A Time In Mexico
9%
Disney-
ish Snow White-
ish costume
Nine to Five
8.1%
Chicken costume
U.S. Marshals
7.3%
Mongol warrior garb. Seriously.
The Conqueror
7%
WWI gas mask, and nothing else
Gods and Monsters
5.2%
A loincloth-
sort-
of-
diaper-
looking thing. Seriously.
King David
2.6%
Bear suit
Mrs. Henderson Presents
2.3%
Ballet tutu
Love! Valour! Compassion!
2.3%
Ringmaster's uniform
Berserk
0.6%
Quiz Playlist
Details
Report
Send in Message
Add To Playlist
Classic:
Type in answers that appear in a list
Last Updated: Feb 16, 2017
Quiz Scoreboard
CHALLENGE
Sign Up to Join the Scoreboard
Show All
Scores
Hide
Comments
May contain spoilers
Recently Published
Holiday 10x10 Sorting Gallery
by lukepisani3
Holiday
15m
Two Season TV Shows II
by 123Four
Television
10m
Image Sorting: Flags VI
by Barbecue
Geography
2m
More to Explore
Quiz From the Vault
Featured Blog Post
14 Easter Pick-up Lines to Find Eggs With
hide this ad
You Might Also Like...
Tags
Actor Quiz
costume
unusual
Wore
Today's Top Quizzes in Movies
Browse Movies
hide this ad
Today's Top Quizzes in Actor
Browse Actor
Top Contributed Quizzes in Movies
1
The ultimate James Bond movie quiz
2
Find The 'Big' Movie
3
Find The 'Wild' Movie
4
Find The 'Blue' Movie
5
Movies By Plot
6
Hidden Star Wars Character II
7
25 Best Actor Nominees (1990s)
8
Hidden Star Wars Character III
9
😉 2024 Oscar Nominees by Emoji
10
Hidden Star Wars Character IV
Explore More
Trending Topics
Marvel
Crossword
NBA
Kpop
Harry Potter
Anime
Disney
Soccer
Song
WWE
Pokémon
The Office
Country
NFL
Puzzle
hide this ad
More By:
kthxbai
Quiz
Plays
Rating
Category
Featured
Created
100 Authors by Their Characters
140,589
4.27
Literature
Jul 6, 2010
Classic Movies by Haiku
32,270
4.36
Movies
Jul 29, 2010
Movies by Famous Props
3,483
4.07
Movies
May 26, 2010
Figure Out the Lyrics - Nostalgic
3,299
3.81
Music
May 21, 2010
From Eh to Zed - Canadian Trivia
1,175
4.71
Miscellaneous
Apr 3, 2010
Go to Creator's Profile
Score Distribution
Quiz Creator Spotlight
kthxbai
Follow
Send a Message
Quizzes Created
-
Created Quiz Play Count
-
More By This Creator
Popular Quizzes Today
1
Find the US States - No Outlines Minefield
2
Colored Red Africa Blitz
3
Find the 'City' Movie
4
The Countries of the World
5
Find the US States
6
5x2 Blitz: Bands
7
Find the Countries of Europe - No Outlines Minefield
8
US States
More Movies Quizzes
Hitchcock by Plot Description
Curator's Pick
Trending Quizzes
Colored Red Europe Blitz I
Colored Red Europe Blitz II
Colored Red Africa Blitz II
Colored Red Europe Blitz III
Colored Red Africa Blitz III
Recently Updated
Odd Team Out - Big 4 Players
pecheneg
Quick Pick: 20 Twenties
pecheneg
March Madness Men's Triple Doubles
pecheneg
How Do You Spell That?
pecheneg
Godzilla Movies
pecheneg
Grab Bag: 4-10 Letters
pecheneg
2024 March Madness Bracket
pecheneg
Famous TV Couples
Peacemaker
Champions League XIs: Real Madrid
pecheneg
Largest US Cities 1790-2010
pecheneg
Trending Topics
Marvel
Anime
Disney
Crossword
Kpop
Harry Potter
NBA
Puzzle
NFL
WWE
Soccer
Country
The Office
Song
Pokémon
Your Account Isn't Verified!
In order to create a playlist on Sporcle, you need to verify the email address you used during registration. Go to your
Sporcle Settings
to finish the process.
Report this User
Report this user for behavior that violates our
Community Guidelines
.
Details:
Send Report
Go to the Sporcle.com Mobile Site →
Comments